000 00426nam a2200193Ia 4500
008 101110s9999 xx 000 0 und d
041 _aENGLISH
082 _bSR10102
_a954
100 _aSinha & Ray
245 _aHistory of India
365 _b30
520 _aHistory
546 _aENGLISH
630 _aHistory of India
650 _aHistory
655 _aHistory
730 _aHistory of India
942 _cBOOK
999 _c805112
_d805109